Adèle - Paroles Hometown Glory - Statistiques

Statistiques générales
  • Ce quiz a été pris 82 fois
  • Le résultat moyen est 182 sur 244
Statistiques - réponses
Hint Réponse % Correct
I
100%
ay
98%
the
98%
in
94%
di
92%
hometown
90%
Couplet 1 I've
90%
ohh
90%
ohh,
90%
Ooh
90%
my
88%
same
88%
walking
88%
as
86%
been
86%
did
86%
way
86%
are
84%
Are
84%
Memories
84%
world
84%
world,
84%
pavement
82%
people
82%
when
82%
city
80%
you
80%
you,
80%
You
80%
And
78%
and
78%
do
78%
Outro Do
78%
"Is
78%
Is
78%
is
78%
two
78%
everybody
76%
Everybody
76%
Missing
76%
"No
76%
there
76%
collide
73%
fresh
73%
like
73%
met
73%
'Round
73%
Chorus ’Round
73%
anyone
71%
could
71%
Refrain Shows
71%
that
71%
anything
69%
can
69%
different
69%
gonna
69%
it
69%
of
69%
Of
69%
please
69%
thank
69%
worlds
69%
call?"
67%
feet
67%
for
67%
Madam
67%
we
67%
da
65%
government
65%
shit
65%
ain't
63%
air
63%
sides
63%
stand
63%
to
63%
united
63%
cracks
61%
dear?
61%
so
61%
wonders
61%
just
59%
love
59%
see
59%
take
59%
this
59%
wandering"
57%
yeah
57%
Yeah,
57%
yeah,
57%
lost,
55%
taking
55%
short
53%
skirts,
53%
thick
53%
get
51%
opaque
51%
shades
47%
shorts
47%
now
45%
out
43%
heel
39%
strutting
29%
turning
24%
hey,
18%
day,
16%
dily
12%
Aucun quiz correspondant
Distribution des résultats
% des personnes avec chaque résultat
Percentile par nombre de réponses
Votre historique - résultats
Vous n’avez pas pris ce quiz